[Event "Chigorin Memorial"]
[Site "St Petersburg"]
[Date "2016.10.22"]
[Round "8.25"]
[White "Gogolev, Artem"]
[Black "Sviridov, Valery"]
[Result "1-0"]
[WhiteElo "2287"]
[BlackElo "2518"]
[PlyCount "99"]
[EventDate "2016.10.15"]
[EventType "swiss"]
[EventRounds "9"]
[EventCountry "RUS"]

1. Nf3 Nf6 2. c4 g6 3. Nc3 c5 4. e4 Bg7 5. d4 cxd4 6. Nxd4 O-O 7. Be3 Nc6 8.
Be2 d6 9. O-O Bd7 10. f3 Nxd4 11. Bxd4 Bc6 12. b4 Ne8 13. Rc1 f5 14. exf5 Rxf5
15. Be3 Nc7 16. Bd3 Rf7 17. b5 Bd7 18. Be4 Qc8 19. a4 Ne6 20. Bd5 Kh8 21. Ne4
Rf5 22. c5 Nxc5 23. Nxc5 dxc5 24. Bxc5 Be6 25. Be3 Rxd5 26. Rxc8+ Rxc8 27. Qe2
Re5 28. Qf2 b6 29. Bd4 Rd5 30. Bxg7+ Kxg7 31. Qe3 Rd6 32. Rc1 Rxc1+ 33. Qxc1
Rd7 34. h4 Kf7 35. Qf4+ Kg7 36. Qe5+ Kf7 37. Qh8 h5 38. Kh2 Rc7 39. Qb8 Rd7 40.
Qf4+ Kg7 41. g4 hxg4 42. fxg4 Rd5 43. Qc7 Rd7 44. Qe5+ Kf7 45. h5 gxh5 46. gxh5
Rd2+ 47. Kg3 Rd5 48. Qf4+ Rf5 49. Qh6 Rf6 50. Qh7+ 1-0

[Event "Chigorin Memorial"]
[Site "St Petersburg"]
[Date "2016.10.22"]
[Round "8.26"]
[White "Levin, Evgeny A"]
[Black "Chu, Wei Chao"]
[Result "1-0"]
[WhiteElo "2505"]
[BlackElo "2268"]
[PlyCount "75"]
[EventDate "2016.10.15"]
[EventType "swiss"]
[EventRounds "9"]
[EventCountry "RUS"]

1. d4 Nf6 2. c4 g6 3. Nc3 Bg7 4. e4 d6 5. Nf3 O-O 6. Be2 e5 7. Be3 Na6 8. O-O
Ng4 9. Bg5 Qe8 10. h3 h6 11. Bc1 Nf6 12. Bd3 c6 13. Re1 exd4 14. Nxd4 Nc5 15.
Bc2 Nfd7 16. Be3 Qd8 17. Qd2 Kh7 18. Rad1 Re8 19. Nb3 Nxb3 20. Bxb3 Qh4 21. f4
Nc5 22. Bf2 Qe7 23. Bc2 Ne6 24. f5 Nf8 25. Qxd6 Qxd6 26. Rxd6 Be5 27. Rdd1 Nd7
28. g4 b6 29. Kg2 Kg7 30. Ba4 Bxc3 31. bxc3 Ne5 32. Bd4 Bb7 33. c5 Kf6 34. Bb3
Re7 35. Rf1 g5 36. Bxe5+ Kxe5 37. f6 Rc7 38. Rf5+ 1-0

[Event "Chigorin Memorial"]
[Site "St Petersburg"]
[Date "2016.10.22"]
[Round "8.27"]
[White "Tran, Minh Thang"]
[Black "Malakhov, Igor"]
[Result "1/2-1/2"]
[WhiteElo "2293"]
[BlackElo "2456"]
[PlyCount "58"]
[EventDate "2016.10.15"]
[EventType "swiss"]
[EventRounds "9"]
[EventCountry "RUS"]

1. d4 Nf6 2. Bf4 c5 3. e3 e6 4. Nd2 Nc6 5. c3 d5 6. Ngf3 Bd6 7. Bg3 Bxg3 8.
hxg3 Qd6 9. Bb5 Bd7 10. Bxc6 Bxc6 11. Ne5 Nd7 12. Ndf3 h6 13. Qc2 Qe7 14. g4
cxd4 15. exd4 Nxe5 16. dxe5 O-O-O 17. Nd4 Bd7 18. Qe2 Kb8 19. f4 g5 20. g3 Rdg8
21. O-O-O gxf4 22. gxf4 Qd8 23. Rh5 Rg6 24. Rdh1 Rhg8 25. R1h4 Qf8 26. Nc2 Qc5
27. Nd4 Qf8 28. Nc2 Qc5 29. Nd4 Qf8 1/2-1/2

[Event "Chigorin Memorial"]
[Site "St Petersburg"]
[Date "2016.10.22"]
[Round "8.28"]
[White "Iljin, Timofey"]
[Black "Tsydypov, Zhamsaran"]
[Result "1-0"]
[WhiteElo "2279"]
[BlackElo "2451"]
[PlyCount "89"]
[EventDate "2016.10.15"]
[EventType "swiss"]
[EventRounds "9"]
[EventCountry "RUS"]

1. d4 Nf6 2. c4 c5 3. d5 b5 4. cxb5 a6 5. bxa6 g6 6. Nc3 Bg7 7. e4 O-O 8. e5
Ne8 9. h4 d6 10. Nf3 Bg4 11. e6 fxe6 12. Be2 Nxa6 13. Ng5 Bxe2 14. Qxe2 Nac7
15. h5 Qc8 16. hxg6 hxg6 17. dxe6 Rf5 18. f4 Qb7 19. Rh3 d5 20. g4 Rxg5 21.
fxg5 Ra6 22. Bd2 d4 23. Qf3 Rxe6+ 24. Kd1 Qxb2 25. Rb1 Qa3 26. Rb3 Qa6 27. Nd5
Nb5 28. Nxe7+ Rxe7 29. Qd5+ Rf7 30. Rhf3 Nbd6 31. Rb8 Bf8 32. Qe6 Qa4+ 33. Ke1
Qd7 34. Qxg6+ Rg7 35. Qh5 Qe6+ 36. Kf1 Re7 37. Kg1 Ne4 38. Be1 Nc3 39. Bd2 Ne4
40. Ba5 Nc3 41. Bxc3 dxc3 42. g6 c2 43. Rxf8+ Kxf8 44. Qh8+ Qg8 45. Rxe8+ 1-0

[Event "Chigorin Memorial"]
[Site "St Petersburg"]
[Date "2016.10.22"]
[Round "8.29"]
[White "Martynyuk, Elizaveta"]
[Black "Gusain, Himal"]
[Result "0-1"]
[WhiteElo "2151"]
[BlackElo "2428"]
[PlyCount "54"]
[EventDate "2016.10.15"]
[EventType "swiss"]
[EventRounds "9"]
[EventCountry "RUS"]

1. e4 c5 2. Nf3 a6 3. d4 cxd4 4. Nxd4 Nf6 5. Nc3 e5 6. Nf3 Bb4 7. Bd2 Nc6 8.
Bd3 Be7 9. O-O d6 10. h3 h6 11. Bc4 Be6 12. Qe2 Rc8 13. Bb3 Na5 14. Rad1 Nxb3
15. axb3 Qc7 16. Nh4 b5 17. Nd5 Nxd5 18. exd5 Bxh3 19. Ng6 fxg6 20. gxh3 O-O
21. Qg4 Rf6 22. Ba5 Qxc2 23. Qd7 Bf8 24. Bc3 Rc5 25. Qe8 Qf5 26. Qa8 Qxh3 27.
f4 Qg3+ 0-1

[Event "Chigorin Memorial"]
[Site "St Petersburg"]
[Date "2016.10.22"]
[Round "8.30"]
[White "Idani, Pouya"]
[Black "Azimov, Ilyas"]
[Result "1/2-1/2"]
[WhiteElo "2551"]
[BlackElo "2151"]
[PlyCount "67"]
[EventDate "2016.10.15"]
[EventType "swiss"]
[EventRounds "9"]
[EventCountry "RUS"]

1. e4 c5 2. Nf3 d6 3. d4 cxd4 4. Qxd4 Nc6 5. Bb5 Bd7 6. Qd3 h6 7. O-O Nf6 8. c4
a6 9. Bxc6 Bxc6 10. Nc3 e5 11. a4 Be7 12. a5 O-O 13. Rd1 b5 14. cxb5 axb5 15.
b4 Qc8 16. Ne1 Qb7 17. Nd5 Nxd5 18. exd5 Bd7 19. Be3 f5 20. Rac1 g5 21. Bb6
Rac8 22. Nc2 e4 23. Qe2 Bf6 24. h3 Rc3 25. Bd4 Bxd4 26. Nxd4 Rxc1 27. Rxc1 Qxd5
28. Rc7 Qxd4 29. Rxd7 Qe5 30. Qd2 Qa1+ 31. Kh2 Qe5+ 32. Kg1 Qa1+ 33. Kh2 Qe5+
34. Kg1 1/2-1/2

[Event "Chigorin Memorial"]
[Site "St Petersburg"]
[Date "2016.10.22"]
[Round "8.31"]
[White "Sanzhaev, Darsen"]
[Black "Smirin, Ilia"]
[Result "1/2-1/2"]
[WhiteElo "2353"]
[BlackElo "2685"]
[PlyCount "87"]
[EventDate "2016.10.15"]
[EventType "swiss"]
[EventRounds "9"]
[EventCountry "RUS"]

1. d4 d6 2. c4 e5 3. Nf3 e4 4. Ng5 f5 5. Nc3 Be7 6. Nh3 Nf6 7. g3 c6 8. Bg2
Nbd7 9. O-O d5 10. cxd5 cxd5 11. a4 Nb6 12. Bg5 a5 13. Nf4 Ng8 14. h4 Bxg5 15.
hxg5 Ne7 16. e3 O-O 17. Qb3 Kh8 18. Rfc1 Bd7 19. Bf1 h6 20. Qd1 g6 21. gxh6 Kh7
22. Nh3 Kxh6 23. f4 exf3 24. Qxf3 g5 25. Rc2 g4 26. Qf4+ Kg7 27. Qe5+ Kg8 28.
Nf4 Nc6 29. Qd6 Rf6 30. Qc5 Nb4 31. Ncxd5 N6xd5 32. Nxd5 Nxc2 33. Nxf6+ Qxf6
34. Qxc2 Qd6 35. Qf2 Rc8 36. Bd3 Kg7 37. Rf1 Rh8 38. Qf4 Qd5 39. Qe5+ Qxe5 40.
dxe5 Rh3 41. Rf4 Bc6 42. Bxf5 Rxg3+ 43. Kf1 Rxe3 44. Bxg4 1/2-1/2

[Event "Chigorin Memorial"]
[Site "St Petersburg"]
[Date "2016.10.22"]
[Round "8.32"]
[White "Chashchev, Sergey"]
[Black "Bok, Benjamin"]
[Result "0-1"]
[WhiteElo "2349"]
[BlackElo "2594"]
[PlyCount "76"]
[EventDate "2016.10.15"]
[EventType "swiss"]
[EventRounds "9"]
[EventCountry "RUS"]

1. Nf3 c5 2. g3 Nc6 3. Bg2 g6 4. d4 cxd4 5. Nxd4 Bg7 6. e3 Nf6 7. c4 h5 8. h3
O-O 9. Nc3 d6 10. O-O Bd7 11. b3 Nxd4 12. exd4 Rb8 13. Bf4 a6 14. Rc1 Qa5 15.
Re1 Rfe8 16. Qd2 Bc6 17. c5 Bxg2 18. Kxg2 Rbd8 19. cxd6 exd6 20. Rxe8+ Nxe8 21.
Ne2 Qd5+ 22. f3 Bf6 23. h4 Ng7 24. Be3 Nf5 25. Bf2 Re8 26. Rc7 Qb5 27. Nc3 Qb4
28. Qd3 Bg7 29. Nd5 Qa5 30. Qc4 Nh6 31. b4 Qa3 32. Rxb7 Qb2 33. Re7 Rxe7 34.
Nxe7+ Kh7 35. a4 d5 36. Nxd5 Nf5 37. Qc3 Qa2 38. Ne3 Bxd4 0-1

[Event "Chigorin Memorial"]
[Site "St Petersburg"]
[Date "2016.10.22"]
[Round "8.33"]
[White "Drygalov, Andrey"]
[Black "Stupak, Kirill"]
[Result "0-1"]
[WhiteElo "2318"]
[BlackElo "2564"]
[PlyCount "70"]
[EventDate "2016.10.15"]
[EventType "swiss"]
[EventRounds "9"]
[EventCountry "RUS"]

1. e4 e6 2. d4 d5 3. Nc3 Bb4 4. e5 Qd7 5. a3 Bxc3+ 6. bxc3 b6 7. Qg4 f5 8. Qg3
Ba6 9. Bxa6 Nxa6 10. Ne2 O-O-O 11. a4 Nb8 12. a5 Nc6 13. axb6 cxb6 14. O-O Kb7
15. Nf4 Ka8 16. h4 g6 17. Qg5 Re8 18. Ba3 Na5 19. h5 Nc4 20. Qh4 Nh6 21. hxg6
hxg6 22. Nxg6 Rh7 23. Nf8 Rxf8 24. Bxf8 Ng4 25. Qg5 Qe8 26. f3 Nge3 27. Bd6 Qh8
28. Qf4 Rh4 29. Qg5 Rh2 30. Rae1 f4 31. Qg6 Rxg2+ 32. Qxg2 Nxg2 33. Kxg2 Qh4
34. Rf2 Ne3+ 35. Rxe3 Qg3+ 0-1

[Event "Chigorin Memorial"]
[Site "St Petersburg"]
[Date "2016.10.22"]
[Round "8.34"]
[White "Burmakin, Vladimir"]
[Black "Sutormin, Danila"]
[Result "1-0"]
[WhiteElo "2545"]
[BlackElo "2363"]
[PlyCount "78"]
[EventDate "2016.10.15"]
[EventType "swiss"]
[EventRounds "9"]
[EventCountry "RUS"]

1. d4 Nf6 2. Nf3 g6 3. Bf4 Bg7 4. e3 O-O 5. Be2 d6 6. O-O Nbd7 7. h3 b6 8. a4
a6 9. c4 Bb7 10. Nc3 Ne4 11. Nxe4 Bxe4 12. Qb3 a5 13. Bh2 e5 14. Rad1 exd4 15.
exd4 Re8 16. Rfe1 Rb8 17. Bf4 h6 18. Nh2 Kh7 19. Bf3 Bxf3 20. Nxf3 Qf6 21. Qb5
Rxe1+ 22. Rxe1 Nf8 23. Bd2 Ne6 24. Bc3 Nf4 25. Qd7 d5 26. Qxc7 Rf8 27. Re3 dxc4
28. Qxc4 Qd6 29. Ne5 Nd5 30. Re1 Bxe5 31. Rxe5 Rd8 32. Bd2 Rd7 33. Qe2 Ne7 34.
Re4 Nd5 35. Qf3 Kg7 36. Re5 Rd8 37. Qe4 Rd7 38. Qh4 g5 39. Bxg5 Qg6 1-0

[Event "Chigorin Memorial"]
[Site "St Petersburg"]
[Date "2016.10.22"]
[Round "8.35"]
[White "Brodsky, Michail"]
[Black "Sergienko, Sergey"]
[Result "1/2-1/2"]
[WhiteElo "2524"]
[BlackElo "2361"]
[PlyCount "99"]
[EventDate "2016.10.15"]
[EventType "swiss"]
[EventRounds "9"]
[EventCountry "RUS"]

1. d4 Nf6 2. c4 e6 3. Nf3 Nc6 4. a3 d6 5. Nc3 g6 6. g3 Bg7 7. Bg2 O-O 8. O-O
Na5 9. b3 d5 10. c5 b6 11. b4 Nc4 12. Nd2 Nxd2 13. Bxd2 c6 14. Rc1 Nd7 15. Be3
bxc5 16. dxc5 Ba6 17. f4 Bc4 18. Ne4 a5 19. Nd6 Ba6 20. Qd2 axb4 21. axb4 Nf6
22. Rfe1 Ne8 23. Bf2 Nxd6 24. cxd6 Bb5 25. Bc5 Qd7 26. e4 dxe4 27. Bxe4 Ra6 28.
Red1 Rfa8 29. Qf2 Ra2 30. Rd2 R2a4 31. h4 h5 32. Kh2 R8a6 33. Qg2 Ra3 34. Bd4
Bxd4 35. Rxd4 Ra2 36. Rc2 Ra1 37. Qd2 R6a3 38. Bg2 Ba4 39. Rb2 Bb3 40. f5 exf5
41. Qg5 Bd5 42. Bxd5 cxd5 43. Rxd5 f4 44. Qxf4 Rh1+ 45. Kxh1 Qh3+ 46. Kg1 Rxg3+
47. Qxg3 Qxg3+ 48. Rg2 Qe1+ 49. Kh2 Qxh4+ 50. Kg1 1/2-1/2

[Event "Chigorin Memorial"]
[Site "St Petersburg"]
[Date "2016.10.22"]
[Round "8.36"]
[White "Tishova, Svetlana"]
[Black "Gabrielian, Artur"]
[Result "0-1"]
[WhiteElo "2317"]
[BlackElo "2524"]
[PlyCount "102"]
[EventDate "2016.10.15"]
[EventType "swiss"]
[EventRounds "9"]
[EventCountry "RUS"]

1. e4 c5 2. Nf3 d6 3. Bb5+ Nd7 4. O-O Ngf6 5. Re1 a6 6. Bd3 g6 7. c3 Bg7 8. Bc2
O-O 9. d4 e5 10. a4 exd4 11. cxd4 cxd4 12. Qxd4 Qc7 13. Nc3 Re8 14. Qd1 Ne5 15.
Nxe5 dxe5 16. Bb3 Bg4 17. f3 Rad8 18. Qc2 Bc8 19. Be3 Rd6 20. a5 Be6 21. Bxe6
Rexe6 22. Rec1 Rc6 23. b4 Red6 24. Bc5 Rd7 25. Qb2 Bf8 26. Bxf8 Kxf8 27. b5 Rc4
28. bxa6 Qc5+ 29. Qf2 bxa6 30. Qxc5+ Rxc5 31. Na4 Rb5 32. Nb6 Rd3 33. Rc6 Nh5
34. Nd5 Rd2 35. Kh1 Rxa5 36. Rg1 Nf4 37. Nc7 Nd3 38. h3 Rda2 39. Rb1 Ra1 40.
Rcb6 Nf4 41. Kh2 Rxb1 42. Rxb1 Ra2 43. Kh1 Rxg2 44. Nxa6 Rg3 45. Rb3 Rxh3+ 46.
Kg1 Rg3+ 47. Kh2 Rg2+ 48. Kh1 Rd2 49. Nb4 Kg7 50. Nc6 f6 51. Rb7+ Kh6 0-1

[Event "Chigorin Memorial"]
[Site "St Petersburg"]
[Date "2016.10.22"]
[Round "8.37"]
[White "Nazaretyan, Tigran"]
[Black "Iljiushenok, Ilia"]
[Result "1/2-1/2"]
[WhiteElo "2308"]
[BlackElo "2505"]
[PlyCount "243"]
[EventDate "2016.10.15"]
[EventType "swiss"]
[EventRounds "9"]
[EventCountry "RUS"]

1. d4 Nf6 2. c4 g6 3. Nc3 Bg7 4. e4 d6 5. Be2 O-O 6. Nf3 e5 7. O-O Nc6 8. d5
Ne7 9. b4 Nh5 10. g3 f5 11. Ng5 Nf6 12. Bf3 c6 13. b5 cxd5 14. cxd5 fxe4 15.
Ncxe4 Nxe4 16. Bxe4 h6 17. Ne6 Bxe6 18. dxe6 d5 19. Ba3 dxe4 20. Qxd8 Rfxd8 21.
Bxe7 Re8 22. Bc5 Rxe6 23. Rfc1 a6 24. a4 Kf7 25. Be3 axb5 26. axb5 Rxa1 27.
Rxa1 Rd6 28. Rc1 Ke6 29. Kg2 h5 30. g4 Bf6 31. Kg3 Bd8 32. Rc4 Rd5 33. gxh5
gxh5 34. b6 Kf5 35. Rc7 Rd3 36. Rxb7 Bg5 37. Rb8 h4+ 38. Kg2 Bxe3 39. fxe3 Rd7
40. b7 Rg7+ 41. Kh3 Kg5 42. Re8 Rxb7 43. Rxe5+ Kf6 44. Rxe4 Kf5 45. Rf4+ Ke5
46. Kxh4 Rb2 47. h3 Re2 48. Rf8 Rg2 49. Kh5 Rg3 50. h4 Ke6 51. e4 Ke5 52. Re8+
Kf6 53. e5+ Kf7 54. Ra8 Ke6 55. Ra5 Rg8 56. Kh6 Rh8+ 57. Kg5 Rg8+ 58. Kf4 Rf8+
59. Ke4 Rh8 60. Ra6+ Ke7 61. Kd5 Rxh4 62. Ra7+ Ke8 63. Kd6 Re4 64. Ke6 Kf8 65.
Ra8+ Kg7 66. Re8 Ra4 67. Re7+ Kf8 68. Rd7 Ke8 69. Re7+ Kf8 70. Rd7 Ke8 71. Rd6
Rh4 72. Kd5 Rh1 73. Rb6 Ke7 74. Rb7+ Ke8 75. Kd6 Re1 76. Rh7 Re2 77. Ke6 Kf8
78. Rh1 Re3 79. Rh8+ Kg7 80. Re8 Ra3 81. Rc8 Re3 82. Rc5 Kf8 83. Rd5 Ke8 84.
Rb5 Kf8 85. Rb1 Re2 86. Rb8+ Kg7 87. Ra8 Re1 88. Kd6 Kf7 89. Ra7+ Ke8 90. Re7+
Kd8 91. Rh7 Ke8 92. Ke6 Kf8 93. Rh8+ Kg7 94. Rh5 Kf8 95. Rf5+ Ke8 96. Kf6 Rh1
97. Rg5 Rh6+ 98. Kf5 Ra6 99. Rg8+ Ke7 100. Rh8 Rb6 101. Ra8 Rc6 102. Ra7+ Ke8
103. Ke4 Rb6 104. Rc7 Ra6 105. Kd5 Rh6 106. Ra7 Rg6 107. Ra4 Ke7 108. Rc4 Ra6
109. Rc7+ Ke8 110. Ke4 Rb6 111. Kf5 Ra6 112. Rg7 Rb6 113. Rg6 Rxg6 114. Kxg6
Ke7 115. Kf5 Kf7 116. e6+ Ke7 117. Ke5 Ke8 118. Kf4 Ke7 119. Kf5 Ke8 120. Kf6
Kf8 121. e7+ Ke8 122. Ke6 1/2-1/2

[Event "Chigorin Memorial"]
[Site "St Petersburg"]
[Date "2016.10.22"]
[Round "8.38"]
[White "Matinian, Nikita"]
[Black "Bronstein, Or"]
[Result "1-0"]
[WhiteElo "2495"]
[BlackElo "2348"]
[PlyCount "133"]
[EventDate "2016.10.15"]
[EventType "swiss"]
[EventRounds "9"]
[EventCountry "RUS"]

1. e4 c5 2. Nf3 d6 3. d4 cxd4 4. Nxd4 Nf6 5. Nc3 a6 6. h3 e5 7. Nde2 h5 8. Nd5
Nxd5 9. Qxd5 Qc7 10. Nc3 Be6 11. Qd1 Nd7 12. Be2 g6 13. Bg5 Qb6 14. Nd5 Bxd5
15. Qxd5 Rc8 16. O-O-O Qc6 17. Qd2 Nc5 18. f3 Ne6 19. Be3 h4 20. Kb1 Be7 21. c3
O-O 22. Bd3 b5 23. Bc2 Nc5 24. Bb3 Nxb3 25. axb3 a5 26. Qd5 Qa6 27. Kc2 Rc6 28.
Ra1 Rfc8 29. Kb1 Bd8 30. f4 Bb6 31. Bc1 Rc5 32. Qxd6 Qb7 33. Qd3 Rd8 34. Qe2
exf4 35. Bxf4 Re8 36. Re1 Bc7 37. Bxc7 Qxc7 38. Kc2 b4 39. c4 Rce5 40. Rad1 Qc6
41. Rd4 a4 42. Qd3 axb3+ 43. Kxb3 Ra5 44. Kc2 Rg5 45. Kb3 Rxg2 46. Re3 Qf6 47.
e5 Qf2 48. Ka4 Rg1 49. Rd8 Rxd8 50. Qxd8+ Kh7 51. Qd4 Ra1+ 52. Kb5 Re1 53. Re4
Qxd4 54. Rxd4 Rxe5+ 55. Kxb4 g5 56. c5 Re8 57. c6 f5 58. Kc5 f4 59. c7 f3 60.
Rd8 f2 61. Rxe8 f1=Q 62. c8=Q Qc1+ 63. Kd6 Qd2+ 64. Ke7 Qb4+ 65. Kd8 Qxb2 66.
Qf5+ Kh6 67. Re6+ 1-0

[Event "Chigorin Memorial"]
[Site "St Petersburg"]
[Date "2016.10.22"]
[Round "8.39"]
[White "Abergel, Thal"]
[Black "Ofitserian, Boris"]
[Result "0-1"]
[WhiteElo "2475"]
[BlackElo "2351"]
[PlyCount "158"]
[EventDate "2016.10.15"]
[EventType "swiss"]
[EventRounds "9"]
[EventCountry "RUS"]

1. e4 c5 2. Nc3 d6 3. Nge2 Nf6 4. g3 Nc6 5. Bg2 g6 6. O-O Bg7 7. d3 O-O 8. h3
Rb8 9. f4 Nd7 10. g4 b5 11. Ng3 b4 12. Nce2 a5 13. f5 Ba6 14. Nf4 c4 15. g5
cxd3 16. cxd3 Rc8 17. h4 Nd4 18. h5 Ne5 19. Kh1 Re8 20. Rf2 Qc7 21. fxg6 hxg6
22. hxg6 fxg6 23. Bh3 e6 24. Qf1 Qd7 25. a3 Nb3 26. Rb1 Nxc1 27. Rxc1 Nxd3 28.
Nxd3 Bxd3 29. Qxd3 Rxc1+ 30. Kg2 bxa3 31. bxa3 Rc3 32. Qb1 Be5 33. Ne2 Rxa3 34.
Nf4 Bxf4 35. Rxf4 Rf8 36. Rxf8+ Kxf8 37. Qb8+ Kf7 38. Qh8 Rxh3 39. Qxh3 Kg8 40.
Qc3 Qb7 41. Kf3 a4 42. Qa5 Qd7 43. Ke2 e5 44. Kd3 Qh3+ 45. Kd2 Qg2+ 46. Kc3
Qf3+ 47. Kb2 Qe2+ 48. Kc1 Qc4+ 49. Kb2 Qb3+ 50. Ka1 Qd1+ 51. Kb2 Qd4+ 52. Ka2
Qf2+ 53. Kb1 Qg1+ 54. Kb2 Qxg5 55. Qxa4 Qd2+ 56. Kb1 Qd3+ 57. Kc1 Kg7 58. Qd7+
Kh6 59. Qg4 g5 60. Kb2 Qd2+ 61. Kb3 Qf4 62. Qe6+ Kg7 63. Qxd6 Qxe4 64. Qe7+ Kg6
65. Qe6+ Kh5 66. Qh3+ Qh4 67. Qf3+ Qg4 68. Qh1+ Kg6 69. Qc6+ Kf5 70. Qc8+ Kf4
71. Qc1+ Kg3 72. Qe1+ Kh2 73. Qd2+ Qg2 74. Qd8 g4 75. Kc3 e4 76. Qg5 Qf3+ 77.
Kd2 g3 78. Ke1 Qf2+ 79. Kd1 e3 0-1

[Event "Chigorin Memorial"]
[Site "St Petersburg"]
[Date "2016.10.22"]
[Round "8.40"]
[White "Swayams, Mishra"]
[Black "Yandarbiev, Ruslan"]
[Result "1-0"]
[WhiteElo "2472"]
[BlackElo "2342"]
[PlyCount "89"]
[EventDate "2016.10.15"]
[EventType "swiss"]
[EventRounds "9"]
[EventCountry "RUS"]

1. d4 Nf6 2. c4 e6 3. Nc3 Bb4 4. f3 d5 5. a3 Be7 6. e4 dxe4 7. fxe4 e5 8. d5
Bc5 9. Bg5 O-O 10. Nf3 Bg4 11. h3 Bxf3 12. Qxf3 Nbd7 13. O-O-O a5 14. Bd3 Re8
15. Rhf1 Bd4 16. Nb5 Ra6 17. g4 Nc5 18. Bc2 h6 19. Bh4 Qe7 20. g5 hxg5 21. Bxg5
Rb6 22. Rd2 Ncd7 23. Rg2 Qc5 24. Qe2 Nh7 25. Bd2 Rf6 26. Bxa5 Rxf1+ 27. Qxf1
Be3+ 28. Kb1 Nb6 29. Bb4 Qxc4 30. Bd3 Qb3 31. Bc2 Qc4 32. Bd3 Qb3 33. Nxc7 Rc8
34. Bc2 Qc4 35. Qxc4 Nxc4 36. Nb5 Bf4 37. Nd6 Nxd6 38. Bxd6 Nf6 39. Be7 Nd7 40.
Ka2 Rc4 41. Bd3 Rd4 42. Bb5 Nf8 43. Rc2 Ng6 44. Rc8+ Kh7 45. d6 1-0

[Event "Chigorin Memorial"]
[Site "St Petersburg"]
[Date "2016.10.22"]
[Round "8.41"]
[White "Kharchenko, Boris"]
[Black "Yatzenko, Anton"]
[Result "0-1"]
[WhiteElo "2464"]
[BlackElo "2339"]
[PlyCount "106"]
[EventDate "2016.10.15"]
[EventType "swiss"]
[EventRounds "9"]
[EventCountry "RUS"]

1. e4 e6 2. d4 d5 3. Nd2 c5 4. exd5 Qxd5 5. Ngf3 cxd4 6. Bc4 Qd6 7. O-O Nf6 8.
Nb3 Nc6 9. Nbxd4 Nxd4 10. Nxd4 a6 11. Re1 Bd7 12. c3 Qc7 13. Bb3 O-O-O 14. Qe2
Bd6 15. h3 h6 16. a4 g5 17. Be3 e5 18. Nb5 axb5 19. axb5 Be6 20. Ra8+ Kd7 21.
b6 Qc6 22. Ba4 Rxa8 23. Bxc6+ bxc6 24. c4 Ke7 25. c5 Bb8 26. Bd2 Nd5 27. h4 Ra2
28. Qh5 Nf4 29. Bxf4 gxf4 30. Rxe5 Ra1+ 31. Kh2 Rd8 32. Rxe6+ Kxe6 33. Qxh6+ f6
34. Qg6 Be5 35. h5 Raa8 36. h6 Kd5 37. b4 Kc4 38. Qe4+ Kb5 39. Kh3 Rd4 40. Qe2+
Kxb4 41. Qc2 Rh8 42. h7 Rd7 43. Kg4 Rhxh7 44. Kf5 Rd4 45. Ke6 Rh8 46. g3 fxg3
47. fxg3 Re8+ 48. Kf7 Rb8 49. g4 Rxg4 50. Ke6 Rc4 51. Qb1+ Kxc5 52. b7 Rb4 53.
Qg1+ Kb5 0-1

[Event "Chigorin Memorial"]
[Site "St Petersburg"]
[Date "2016.10.22"]
[Round "8.42"]
[White "Nasuta, Grzegorz"]
[Black "Palchun, Grigory"]
[Result "1/2-1/2"]
[WhiteElo "2454"]
[BlackElo "2336"]
[PlyCount "92"]
[EventDate "2016.10.15"]
[EventType "swiss"]
[EventRounds "9"]
[EventCountry "RUS"]

1. e4 e5 2. Nf3 Nc6 3. Bb5 a6 4. Ba4 d6 5. O-O Bd7 6. c4 Nge7 7. Nc3 Ng6 8. d4
Be7 9. d5 Nb8 10. Bxd7+ Qxd7 11. Be3 O-O 12. Ne1 f5 13. f3 f4 14. Bf2 Bh4 15.
Nd3 Bxf2+ 16. Rxf2 Qe7 17. c5 dxc5 18. Qb3 b5 19. d6+ Qf7 20. Nxc5 cxd6 21. Ne6
Rc8 22. Nd5 Rc4 23. Nb6 Qxe6 24. Nxa8 Nc6 25. Nb6 Nd4 26. Qd1 Rc5 27. b4 Rc6
28. Nd5 Rc4 29. a4 h5 30. axb5 axb5 31. Rfa2 Kh7 32. Rc1 Qc8 33. Rxc4 Qxc4 34.
Rd2 Nh4 35. Kh1 g5 36. h3 Kg7 37. Qa1 Kh6 38. Qd1 Qc8 39. Rxd4 exd4 40. Qxd4
Ng6 41. Qc3 Qe6 42. Kg1 g4 43. hxg4 hxg4 44. Qf6 Qxf6 45. Nxf6 gxf3 46. gxf3
Ne7 1/2-1/2

[Event "Chigorin Memorial"]
[Site "St Petersburg"]
[Date "2016.10.22"]
[Round "8.43"]
[White "Enkhnar, Enkhbaatar"]
[Black "Biriukov, Oleg V"]
[Result "1/2-1/2"]
[WhiteElo "2451"]
[BlackElo "2327"]
[PlyCount "80"]
[EventDate "2016.10.15"]
[EventType "swiss"]
[EventRounds "9"]
[EventCountry "RUS"]

1. Nf3 d5 2. d4 Nf6 3. c4 e6 4. g3 Bb4+ 5. Nc3 O-O 6. Bg2 dxc4 7. O-O Nc6 8. a3
Be7 9. Rb1 Rb8 10. Qa4 a6 11. Qxc4 b5 12. Qd3 b4 13. axb4 Nxb4 14. Qc4 Bb7 15.
Bf4 Nfd5 16. Nxd5 Bxd5 17. Qxc7 Qxc7 18. Bxc7 Rbc8 19. Bf4 Bc4 20. Ne5 Bxe2 21.
Rfc1 Bb5 22. Be3 Rfd8 23. Bf1 Bxf1 24. Kxf1 f6 25. Nf3 Kf7 26. Ke2 Na2 27. Rxc8
Rxc8 28. Ne1 Nb4 29. Nd3 Nd5 30. Bd2 Rc6 31. Rc1 Rxc1 32. Bxc1 h5 33. h3 Ke8
34. Nf4 Nxf4+ 35. Bxf4 Kd7 36. Kd3 Kc6 37. Kc4 g5 38. Bd2 g4 39. hxg4 hxg4 40.
b3 Bd6 1/2-1/2

[Event "Chigorin Memorial"]
[Site "St Petersburg"]
[Date "2016.10.22"]
[Round "8.44"]
[White "Fedotov, Nikita"]
[Black "Shevchenko, Kirill"]
[Result "0-1"]
[WhiteElo "2302"]
[BlackElo "2447"]
[PlyCount "120"]
[EventDate "2016.10.15"]
[EventType "swiss"]
[EventRounds "9"]
[EventCountry "RUS"]

1. Nf3 Nf6 2. g3 g6 3. Bg2 Bg7 4. c4 O-O 5. O-O d6 6. Nc3 e5 7. d4 Nc6 8. d5
Nb8 9. e4 a5 10. Ne1 Na6 11. Nd3 Nd7 12. Be3 f5 13. f3 f4 14. gxf4 exf4 15.
Bxf4 Nb6 16. Ne2 g5 17. Bg3 Nxc4 18. Qc1 Ne5 19. Nxe5 Bxe5 20. Bxe5 dxe5 21.
Qc3 Qd6 22. Qxa5 Bd7 23. Qd2 h6 24. Rfc1 c5 25. a4 b6 26. b3 Nb4 27. Ng3 Nc6
28. Ne2 Ra5 29. Qe1 Ne7 30. Qg3 Ng6 31. Bh3 Be8 32. Qg4 Kg7 33. Rc3 Nh4 34. Ng3
Ra7 35. Qe6 Nxf3+ 36. Kh1 Qxe6 37. Bxe6 Bg6 38. Bf5 Nd4 39. Bxg6 Kxg6 40. Rf1
Rf4 41. Rxf4 exf4 42. Nf1 g4 43. Kg2 Kg5 44. Nd2 f3+ 45. Kf2 Kf4 46. d6 h5 47.
Nc4 h4 48. Nxb6 g3+ 49. hxg3+ hxg3+ 50. Ke1 g2 51. Kf2 Rg7 52. Rc1 Ne2 53. Re1
g1=Q+ 54. Rxg1 Nxg1 55. d7 Nh3+ 56. Ke1 f2+ 57. Ke2 Rg1 58. Nd5+ Ke5 59. Ne3
Rg8 60. Ng4+ Rxg4 0-1

[Event "Chigorin Memorial"]
[Site "St Petersburg"]
[Date "2016.10.22"]
[Round "8.45"]
[White "Rakhmangulova, Anastasiya"]
[Black "Lovkov, Roman"]
[Result "1/2-1/2"]
[WhiteElo "2251"]
[BlackElo "2441"]
[PlyCount "100"]
[EventDate "2016.10.15"]
[EventType "swiss"]
[EventRounds "9"]
[EventCountry "RUS"]

1. e4 c6 2. d4 d5 3. exd5 cxd5 4. Bd3 Nc6 5. c3 Nf6 6. Bf4 g6 7. h3 Bf5 8. Nf3
Qb6 9. Bxf5 gxf5 10. Qb3 Rg8 11. g3 e6 12. Na3 Qxb3 13. axb3 a6 14. Nb5 Kd7 15.
Ne5+ Nxe5 16. dxe5 Nh5 17. Be3 Bg7 18. Nd6 Bxe5 19. Nxb7 Kc6 20. Na5+ Kc7 21.
Ra4 Nf6 22. g4 fxg4 23. hxg4 Rxg4 24. Rxg4 Nxg4 25. Rxh7 Rf8 26. Bc5 Bd6 27.
Nb7 Bxc5 28. Nxc5 Kd6 29. Nxa6 Ra8 30. Nb4 Ra1+ 31. Ke2 Rb1 32. Nd3 Ne5 33.
Nxe5 Kxe5 34. Rxf7 Rxb2+ 35. Kd3 Rxb3 36. f4+ Kd6 37. f5 e5 38. Rf6+ Kc5 39.
Re6 e4+ 40. Kc2 Ra3 41. Kb2 Ra7 42. f6 Rh7 43. Kc2 Rh2+ 44. Kd1 Kc4 45. Ke1 Rh3
46. Kd2 Rd3+ 47. Ke2 Rf3 48. Kd2 Kc5 49. Ra6 Rd3+ 50. Kc2 Rf3 1/2-1/2

[Event "Chigorin Memorial"]
[Site "St Petersburg"]
[Date "2016.10.22"]
[Round "8.46"]
[White "Usmanov, Vasily"]
[Black "Demianjuk, Alexander"]
[Result "1-0"]
[WhiteElo "2431"]
[BlackElo "2302"]
[PlyCount "75"]
[EventDate "2016.10.15"]
[EventType "swiss"]
[EventRounds "9"]
[EventCountry "RUS"]

1. d4 d5 2. c4 e6 3. Nc3 c6 4. e3 Bd6 5. f4 Nf6 6. Nf3 O-O 7. c5 Be7 8. Bd2 b6
9. b4 a5 10. a3 Ba6 11. Bxa6 Rxa6 12. O-O Nbd7 13. b5 cxb5 14. c6 Nb8 15. Ne5
Ne8 16. Nxb5 f6 17. Qg4 f5 18. Qe2 Ra8 19. Rfc1 Nc7 20. Rab1 g6 21. a4 Bf6 22.
Rc2 Kg7 23. Rb3 h5 24. Rc1 Kh6 25. Qd3 Bg7 26. Nxc7 Qxc7 27. Qb5 Rc8 28. Qxb6
Bxe5 29. fxe5 Nxc6 30. Qxc7 Rxc7 31. Rbc3 Ra6 32. e4+ Kg7 33. exd5 exd5 34. Rc5
Kf7 35. Rxd5 Rb7 36. Rd6 Rbb6 37. Bg5 Ke8 38. e6 1-0